00423nam a2200169Ia 4500003000400000005001700004008004100021040000700062041000800069082002300077100001600100245004900116260004300165365001200208650001400220650001900234OSt20230511153025.0210423s1990 xx 000 0 und d cAL aeng a338.954 223bTYAA aTYAGI (B P) aAgricultural economics and rural development aKottaymbOxford University Pressc1990 b65cINR aEconomics aIndian Economy